Annual Book Of ASTM Standards (Record no. 32863)
[ view plain ]
| 000 -LEADER | |
|---|---|
| fixed length control field | 00320nam a22001337a 4500 |
| 020 ## - INTERNATIONAL STANDARD BOOK NUMBER | |
| International Standard Book Number | 978-0-8031-817 |
| 100 ## - MAIN ENTRY--PERSONAL NAME | |
| Personal name | Emery, Scott |
| 245 ## - TITLE STATEMENT | |
| Title | Annual Book Of ASTM Standards |
| 250 ## - EDITION STATEMENT | |
| Edition statement | VOLUME 01.06 COATED STEEL |
| 260 ## - PUBLICATION, DISTRIBUTION, ETC. | |
| Place of publication, distribution, etc. | New York |
| Name of publisher, distributor, etc. | ASTM International, |
| 300 ## - PHYSICAL DESCRIPTION | |
| Extent | 886 p. ; |
| 500 ## - GENERAL NOTE | |
| General note | Paperback. |
| 942 ## - ADDED ENTRY ELEMENTS (KOHA) | |
| Koha item type | Book |
| Withdrawn status | Lost status | Source of classification or shelving scheme | Damaged status | Not for loan | Permanent Location | Current Location | Date acquired | Total Checkouts | Full call number | Barcode | Date last seen | Price effective from | Koha item type |
|---|---|---|---|---|---|---|---|---|---|---|---|---|---|
| School of Mechanical & Manufacturing Engineering (SMME) | School of Mechanical & Manufacturing Engineering (SMME) | 12/03/2015 | 620.110218 ANN | SMME-1810 | 03/29/2018 | 12/03/2015 | Book | ||||||
| School of Mechanical & Manufacturing Engineering (SMME) | School of Mechanical & Manufacturing Engineering (SMME) | 12/03/2015 | 620.110218 ANN | SMME-1811 | 03/29/2018 | 12/03/2015 | Book | ||||||
| School of Mechanical & Manufacturing Engineering (SMME) | School of Mechanical & Manufacturing Engineering (SMME) | 12/03/2015 | 620.110218 ANN | SMME-1812 | 03/29/2018 | 12/03/2015 | Book |
